Catálogo

Subproductos animales / (Registro nro. 2451)

Detalles MARC
000 -LEADER
fixed length control field 01657cam a2200385 i 4500
001 - CONTROL NUMBER
control field 2451
003 - CONTROL NUMBER IDENTIFIER
control field Mx-PuUPA
005 - DATE AND TIME OF LATEST TRANSACTION
control field 20251113112846.0
008 - FIXED-LENGTH DATA ELEMENTS--GENERAL INFORMATION
fixed length control field 140415s2014 mx a gr 000 0 spa d
020 ## - INTERNATIONAL STANDARD BOOK NUMBER
International Standard Book Number 9786071718457
040 ## - CATALOGING SOURCE
Transcribing agency Mx-PuUPA
Original cataloging agency Mx-PuUPA
Language of cataloging spa
Modifying agency Mx-PuUPA
Description conventions rda
041 0# - LANGUAGE CODE
Language code of text/sound track or separate title spa
245 00 - TITLE STATEMENT
Title Subproductos animales /
Statement of responsibility, etc. con la colaboración de Ir. Marco R. Meyer, F. Kirchner Salinas, E. López González [y otro]
250 ## - EDITION STATEMENT
Edition statement Cuarta edición /
Remainder of edition statement febrero
264 #0 - PRODUCTION, PUBLICATION, DISTRIBUTION, MANUFACTURE, AND COPYRIGHT NOTICE
Place of production, publication, distribution, manufacture Ciudad de México :
Name of producer, publisher, distributor, manufacturer Editorial Trillas : SEP,
Date of production, publication, distribution, manufacture, or copyright notice ©2014
300 ## - PHYSICAL DESCRIPTION
Extent 96 páginas :
Other physical details ilustraciones, diagramas, tablas ;
Dimensions 24 cm
336 ## - CONTENT TYPE
Fuente rdacontent
Content type term texto
Content type code txt
336 ## - CONTENT TYPE
Fuente rdacontent
Content type term imagen fija
Content type code sti
337 ## - MEDIA TYPE
Source rdamedia
Media type term sin medio
Media type code n
338 ## - CARRIER TYPE
Source rdacarrier
Carrier type term volumen
Carrier type code nc
490 0# - SERIES STATEMENT
Series statement Manuales para educación agropecuaria. Industrial rurales
500 ## - GENERAL NOTE
General note "Basado en el trabajo de Dott. Prof. Gaetano Paltrinieri -- Contraportada
500 ## - GENERAL NOTE
General note "Instalaciones de procedimiento ; Ventajas del uso de subproductos ; Obtención y conservación de subproductos ; Elaboración de harinas y otros productos" -- Cubierta
650 #7 - SUBJECT ADDED ENTRY--TOPICAL TERM
Source of heading or term armarc
Topical term or geographic name entry element Productos animales
General subdivision Industria y comercio
650 #7 - SUBJECT ADDED ENTRY--TOPICAL TERM
Source of heading or term armarc
Topical term or geographic name entry element Mercancias
650 #7 - SUBJECT ADDED ENTRY--TOPICAL TERM
Source of heading or term armarc
Topical term or geographic name entry element Alimentos de origen animal
650 #7 - SUBJECT ADDED ENTRY--TOPICAL TERM
Source of heading or term armarc
Topical term or geographic name entry element Cueros y pieles
700 1# - ADDED ENTRY--PERSONAL NAME
Personal name Meyer, Marco R.,
Relator term colaborador
9 (RLIN) 17692
700 1# - ADDED ENTRY--PERSONAL NAME
Personal name Kirchner Salinas, F.,
Relator term colaborador
700 1# - ADDED ENTRY--PERSONAL NAME
Personal name López González, E.,
Relator term colaborador
942 ## - ADDED ENTRY ELEMENTS (KOHA)
Source of classification or shelving scheme Dewey Decimal Classification
Koha item type Libro
Classification part 636.0883
Item part S54
Existencias
Withdrawn status Lost status Source of classification or shelving scheme Damaged status Not for loan Collection code Home library Current library Shelving location Date acquired Source of acquisition Cost, normal purchase price Total Checkouts Full call number Barcode Date last seen Cost, replacement price Price effective from Koha item type
    Dewey Decimal Classification     General Biblioteca Karol Wojtyla Biblioteca Karol Wojtyla Sala general 12/11/2025 1 243.00   636.0883 S54 2014 106219 05/01/2026 243.00 12/11/2025 Libro